Code internet de pays - Statistiques

Statistiques générales
  • Ce quiz a été pris 39 fois
  • Le résultat moyen est 37 sur 198
Statistiques - réponses
Code pays Pays % Correct
.ar Argentine
65%
.au Australie
65%
.be Belgique
61%
.fr France
61%
.af Afghanistan
55%
.al Albanie
55%
.de Allemagne
55%
.az Azerbaidjan
55%
.ca Canada
52%
.lt Lituanie
52%
.br Brésil
48%
.bg Bulgarie
48%
.es Espagne
48%
.us Etats-Unis
48%
.dz Algérie
45%
.am Arménie
45%
.it Italie
45%
.lv Lettonie
45%
.ad Andorre
42%
.cn Chine
42%
.ma Maroc
42%
.mc Monaco
42%
.uk Royaume-Uni
42%
.as Autriche
39%
.cl Chili
39%
.dk Danemark
35%
.lu Luxembourg
35%
.kr Corée du sud
32%
.fi Finlande
32%
.ie Irlande
32%
.mx Mexique
32%
.ru Russie
32%
.se Suède
32%
.ag Antigua-et-Barbuda
29%
.sa Arabie saoudite
29%
.bt Bhoutan
29%
.bo Bolivie
29%
.kp Corée du nord
29%
.ee Estonie
29%
.hu Hongrie
29%
.is Islande
29%
.jp Japon
29%
.nl Pays-bas
29%
.za Afrique du Sud
26%
.bb Barbade
26%
.ba Bosnie-Herzégovine
26%
.kh Cambodge
26%
.hr Croatie
26%
.ae Emirats arabes unis
26%
.kz Kazakhstan
26%
.no Norvège
26%
.pt Portugal
26%
.cz Tchéquie
26%
.ve Venezuela
26%
.bd Bangladesh
23%
.by Biélorussie
23%
.co Colombie
23%
.et Ethiopie
23%
.gt Guatemala
23%
.la Laos
23%
.pl Pologne
23%
.ch Suisse
23%
.tn Tunisie
23%
.tr Turquie
23%
.tv Tuvalu
23%
.va Vatican
23%
.bs Bahamas
19%
.dj Djibouti
19%
.gr Grèce
19%
.in Inde
19%
.iq Irak
19%
.ir Iran
19%
.md Moldavie
19%
.mn Mongolie
19%
.pa Panama
19%
.ro Roumanie
19%
.th Thailande
19%
.ao Angola
16%
.bh Bahrein
16%
.bi Burundi
16%
.cy Chypre
16%
.cr Costa Rica
16%
.cu Cuba
16%
.eg Egypte
16%
.ec Equateur
16%
.ga Gabon
16%
.gy Guyana
16%
.li Liechtenstein
16%
.ml Mali
16%
.me Montenegro
16%
.mz Mozambique
16%
.pk Pakistan
16%
.pe Pérou
16%
.cd République démocratique du Congo
16%
.rs Serbie
16%
.sk Slovaquie
16%
.si Slovénie
16%
.lk Sri-Lanka
16%
.tw Taiwan
16%
.uy Uruguay
16%
.bj Bénin
13%
.bu | .mm Birmanie
13%
.bw Botswana
13%
.er Erythrée
13%
.fj Fidji
13%
.gh Ghana
13%
.gd Grenade
13%
.hn Honduras
13%
.kw Koweit
13%
.mg Madagascar
13%
.my Malaisie
13%
.mt Malte
13%
.np Népal
13%
.ne Niger
13%
.ng Nigeria
13%
.nz Nouvelle-Zélande
13%
.uz Ouzbékistan
13%
.py Paraguay
13%
.rw Rwanda
13%
.lc Sainte-Lucie
13%
.ws Samoa
13%
.sg Singapour
13%
.to Tonga
13%
.tt Trinité-et-Tobago
13%
.tm Turkménistan
13%
.ua Ukraine
13%
.vu Vanuatu
13%
.vn Viêt nam
13%
.ye Yémen
13%
.bn Brunei
10%
.bf Burkina Faso
10%
.cm Cameroun
10%
.dm Dominique
10%
.gn Guinée
10%
.id Indonesie
10%
.il Israel
10%
.jo Jordanie
10%
.kg Kirghizistan
10%
.lr Liberia
10%
.ly Libye
10%
.mk Macédoine du nord
10%
.ni Nicaragua
10%
.pw Palaos
10%
.ph Philippines
10%
.qa Qatar
10%
.kn Saint-Christophe-et-Niévès
10%
.vc Saint-Vincent-et-les-Grenadines
10%
.sn Sénégal
10%
.so Somalie
10%
.sr Suriname
10%
.sy Syrie
10%
.tz Tanzanie
10%
.tl Timor oriental
10%
.km Comores
6%
.ci Côte d'Ivoire
6%
.sz Eswatini
6%
.gw Guinée-Bissau
6%
.ht Haiti
6%
.sb îles Salomon
6%
.jm Jamaïque
6%
.ke Kenya
6%
.ki Kiribati
6%
.ls Lesotho
6%
.mw Malawi
6%
.mr Mauritanie
6%
.fm Micronésie
6%
.nr Nauru
6%
.ps Palestine
6%
.pg Papouasie-Nouvelle-Guinée
6%
.do République Dominicaine
6%
.sv Salvador
6%
.sd Soudan
6%
.tj Tadjikistan
6%
.td Tchad
6%
.bz Belize
3%
.cv Cap-Vert
3%
.gm Gambie
3%
.gq Guinée Equatoriale
3%
.mh îles Marshall
3%
.lb Liban
3%
.mv Maldives
3%
.mu Maurice
3%
.om Oman
3%
.ug Ouganda
3%
.cf République centrafricaine
3%
.sc Seychelles
3%
.ss Soudan du Sud
3%
.tg Togo
3%
.zm Zambie
3%
.zw Zimbabwe
3%
.ge Gérogie
0%
.gb Grande-Bratgane
0%
.hk Honk-Kong
0%
.na Namibie
0%
.pr Porto Rico
0%
.st Sao Tomé-et-Principe
0%
.sl Sierra-Leone
0%
Aucun quiz correspondant
Distribution des résultats
% des personnes avec chaque résultat
Percentile par nombre de réponses
Votre historique - résultats
Vous n’avez pas pris ce quiz